| 000 | 00483nam a22001817a 4500 | ||
|---|---|---|---|
| 008 | 150716b xxu||||| |||| 00| 0 alb d | ||
| 020 | _a9789951437288 | ||
| 041 | 0 | _aalb | |
| 080 | _a658.8 (075.8) RAM | ||
| 100 | _aRamadani, Nehat ; | ||
| 245 |
_aMarketingu / _cNehat Ramadani. |
||
| 260 |
_aPrishtinë : _bUBT; _c2015. |
||
| 300 |
_a336 f. : _bme il. ; _c24 cm. |
||
| 500 | _aParathënie: f. [5] | ||
| 505 | _aBibliografia: f. 329-334 | ||
| 650 | 0 | _aMarketingu | |
| 942 |
_2udc _cBK |
||
| 999 |
_c1124 _d1124 |
||